Obálka Náhled e-knihy:
PDF
Pro půjčování e-knih musíte být přihlášeni.
Jak si půjčit online?

Ježek Sonic. První dobrodružství /

Komiksová dobrodružství ježka Sonica známého z videoher a animovaných seriálů.

Uloženo v:
Série:Ježek Sonic, část 1
Hlavní autor: Flynn, Ian, 1982- (Autor)
Další autoři: Yardley!, Tracy, 1979- (Autor), Thomas, Adam Bryce, 1988- (Ilustrátor), Hernandez, Jennifer (Ilustrátor), Stanley, Evan, 1992- (Ilustrátor), Novotný, Petr, 1975 červenec 29.- (Ilustrátor)
Médium: E-kniha
Jazyk:Czech
Vydáno: V Praze : Egmont, 2023
Vydání:1. vydání
Témata:
Příbuzné jednotky:Přeloženo z: Sonic the Hedgehog
Z cyklu:: Ježek Sonic
Tagy:
Žádné tagy
LEADER 02815nam a2200553 i 4500
001 312127
003 CZ PrSKC
005 20260601215717.0
007 ta
008 231003s2023 xr a b 6 000 1 cze
015 |a cnb003551361 
020 |a 9788025256053  |q (brožováno) :  |c Kč 249,00 
035 |a (OCoLC)1408817274 
040 |a ABG001  |b cze  |e rda 
041 1 |a cze  |h eng 
072 7 |a 741.52  |x Komiksy. Komiksové adaptace  |2 Konspekt 
072 7 |a 821-93  |x Literatura pro děti a mládež (beletrie)  |2 Konspekt 
080 |a 741.52(0:82-321.3)  |2 MRF 
080 |a 821-93  |2 MRF 
100 1 |a Flynn, Ian,  |d 1982-  |7 xx0263812  |4 aut 
240 1 0 |a Fallout!.  |l Česky 
245 1 0 |a Ježek Sonic.  |p První dobrodružství /  |c autor Ian Flynn ; kresba Tracy Yardley, Adam Bryce Thomas, Jennifer Hernandez, Evan Stanley ; z anglického originálu ... přeložil Petr Novotný 
246 3 0 |a První dobrodružství 
250 |a 1. vydání 
264 1 |a V Praze :  |b Egmont,  |c 2023 
300 |a 88 nečíslovaných stran :  |b barevné ilustrace ;  |c 26 cm 
336 |a text  |b txt  |2 rdacontent 
336 |a statický obraz  |b sti  |2 rdacontent 
337 |a bez média  |b n  |2 rdamedia 
338 |a svazek  |b nc  |2 rdacarrier 
520 2 |a Komiksová dobrodružství ježka Sonica známého z videoher a animovaných seriálů.  |b Modrý ježek Sonic uhání chránit svět před starými i novými padouchy. Vinou zločineckého Dr. Eggmana se nyní na svobodě pohybují zlotřilí roboti a na vzestupu jsou i další nepřátelé. Kde se doktor nachází a jaká tajemství Sonic během svého pátrání odhalí? S pomocí svých přátel si určitě poradí s každým zádrhelem. Nakladatelská anotace. Kráceno. 
521 8 |a Pro čtenáře od 8 let 
655 7 |a akční a dobrodružné komiksy  |7 fd1057471  |2 czenas 
655 7 |a publikace pro děti  |7 fd133156  |2 czenas 
655 9 |a action and adventure comics  |2 eczenas 
655 9 |a children's literature  |2 eczenas 
700 1 |a Yardley!, Tracy,  |d 1979-  |7 xx0307847  |4 ill 
700 1 |a Thomas, Adam Bryce,  |d 1988-  |7 xx0307852  |4 ill 
700 1 |a Hernandez, Jennifer  |7 xx0307854  |4 ill 
700 1 |a Stanley, Evan,  |d 1992-  |7 xx0307857  |4 ill 
700 1 |a Novotný, Petr,  |d 1975 červenec 29.-  |7 kv2015892418  |4 trl 
765 0 |t Sonic the Hedgehog 
787 0 8 |i Z cyklu:  |t Ježek Sonic  |g 1 
900 |a ABA001  |b 20 
928 9 |a Albatros Media - Egmont 
044 |a xr 
910 |a RBIT002 
998 |d 388345  |a https://core.palmknihy.cz/api/books/388345/cover?seoot9  |b https://core.palmknihy.cz/api/books/388345/cover/400?seoot9  |c https://core.palmknihy.cz/api/books/388345/cover/50?seoot9  |e 2027-06-30  |g 88  |i 9788025256053  |k https://core.palmknihy.cz/api/books/388345/preview.pdf  |l   |q 49  |r 1  |s https://www.palmknihy.cz/kniha/388345  |t ebook  |y 2023  |z 0  |v Ježek Sonic  |w 1 
999 |d 312125